Economie politique du Moyen Age / (Record no. 43899)

MARC details
000 -LEADER
campo de control de longitud fija 00714nam a2200205 i 4500
001 - NÚMERO DE CONTROL
campo de control 43899
003 - IDENTIFICADOR DE NÚMERO DE CONTROL
campo de control ES-MaACL
005 - FECHA Y HORA DE LA ÚLTIMA TRANSACCIÓN
campo de control 20251003164413.0
007 - CAMPO FIJO DE DESCRIPCIÓN FÍSICA--INFORMACIÓN GENERAL
campo de control de longitud fija t|
008 - DATOS DE LONGITUD FIJA--INFORMACIÓN GENERAL
campo de control de longitud fija 030320s1859 fr ||||1| fre d
100 1# - ENTRADA PRINCIPAL--NOMBRE DE PERSONA
Nombre de persona Cibrario, Luigi.
9 (RLIN) 38745
245 10 - MENCIÓN DEL TÍTULO
Título Economie politique du Moyen Age /
Mención de responsabilidad, etc. par Luigi Cibrario ; traduit sur la 4º ed. par M. Barneaud et précédée d'une introduction par M. Wolowski.
260 ## - PUBLICACIÓN, DISTRIBUCIÓN, ETC.
Lugar de publicación, distribución, etc. [Saint Denis :
Nombre del editor, distribuidor, etc. Dronard et A. Moulin],
Fecha de publicación, distribución, etc. 1859.
300 ## - DESCRIPCIÓN FÍSICA
Extensión 2 v. (XLV-VIII-362 ; 350 p.) ;
Dimensiones 21 cm.
700 1# - ENTRADA AGREGADA--NOMBRE PERSONAL
Nombre de persona Barneaud, Charles.
9 (RLIN) 154538
700 1# - ENTRADA AGREGADA--NOMBRE PERSONAL
Nombre de persona Wolowski, Louis,
Fechas asociadas al nombre 1810-1876
9 (RLIN) 154526
852 ## - LOCALIZACIÓN
Ubicación ES-MaACL
Número de control de estantería C-2655-56
852 ## - LOCALIZACIÓN
Ubicación ES-MaACL
Número de control de estantería G-12749-50
Holdings
Estatus retirado Estado de pérdida Estado de daño No para préstamo Colección Biblioteca de origen Biblioteca actual Ubicación en estantería Fecha de adquisición Fuente de adquisición Total de préstamos Signatura topográfica completa Código de barras Visto por última vez Precio de reemplazo Tipo de ítem Koha
        Libros del s. XIX Biblioteca del Ateneo de Madrid Biblioteca del Ateneo de Madrid Sala Pecera Planta 3 17/01/2008     G-12749-50 1046209 23/02/2023 23/02/2023 Libro impreso antiguo
        Libros del s. XIX Biblioteca del Ateneo de Madrid Biblioteca del Ateneo de Madrid Sala Palomar 17/01/2008     C-2655-56 1046208 23/02/2023 23/02/2023 Libro impreso antiguo